| 000 | 00591nam a22001937a 4500 | ||
|---|---|---|---|
| 005 | 20251108173301.0 | ||
| 008 | 250721s2005 xx 000 0 ara d | ||
| 082 | 1 | 4 | _a362.8/ريا |
| 100 | 1 | _aالرياطي، عبد الله محمد | |
| 245 | 1 | 0 | _aالعنوسة هذا هو الحل ؟ / |
| 264 | 1 |
_aعمان : _bدار عالم الثقافة للنشر والتوزيع، _c2005. |
|
| 300 | _a80 ص. | ||
| 650 | 1 | 7 | _aالمشاكل الإجتماعية |
| 650 | 1 | 7 | _aالزواج |
| 650 | 1 | 7 | _aالمرأة |
| 653 | _aالعنوسة | ||
| 942 |
_2ddc _cBK |
||
| 999 |
_c100345 _d100345 |
||